[Event "II Open B"]
[Site "Pedavena ITA"]
[Date "2006.08.04"]
[Round "6"]
[White "Trento, Giacomo"]
[Black "Cocuzzi, Edoardo"]
[Result "1-0"]
[WhiteElo "1552"]
[BlackElo "1689"]
[PlyCount "61"]
[EventDate "2006.08.01"]

1. e4 e5 2. f4 exf4 3. Nf3 Nc6 4. Bc4 d6 5. d4 Na5 6. Bd3 g6 7. d5 b6 8. b4 Nb7
9. Bb2 f6 10. Nd4 Bd7 11. Nc6 Qc8 12. Ba6 Bg7 13. b5 Ne7 14. h4 Kf7 15. Qf3 Re8
16. h5 Nxd5 17. hxg6+ hxg6 18. Qd3 Ne7 19. Qb3+ Be6 20. Qc3 Rh8 21. Rxh8 Bxh8
22. Nd2 d5 23. O-O-O dxe4 24. Nxe4 Nd5 25. Qe1 Rb8 26. Qh4 Qg8 27. Nxb8 Qxb8
28. Bxb7 Qxb7 29. Qxh8 Bf5 30. Nd6+ cxd6 31. Qh7+ 1-0

[Event "II Open B"]
[Site "Pedavena ITA"]
[Date "2006.08.05"]
[Round "7"]
[White "Baschirotto, Marco"]
[Black "Innocenti, Sandro"]
[Result "1-0"]
[WhiteElo "1637"]
[BlackElo "1488"]
[PlyCount "90"]
[EventDate "2006.08.01"]

1. c4 e5 2. Nc3 Nf6 3. g3 Bc5 4. Bg2 O-O 5. Nf3 Re8 6. O-O Nc6 7. d3 h6 8. a3
a6 9. b4 Ba7 10. Bb2 d6 11. h3 Be6 12. e4 Nd4 13. Nxd4 Bxd4 14. Qc2 c6 15. Ne2
Bxb2 16. Qxb2 Qd7 17. Kh2 Nh7 18. f4 f6 19. f5 Bf7 20. Qc3 Red8 21. Rad1 Qc7
22. d4 b6 23. dxe5 dxe5 24. c5 b5 25. Nc1 Bc4 26. Rfe1 Rxd1 27. Rxd1 Rd8 28.
Qc2 Rd4 29. Rxd4 exd4 30. Nd3 Bxd3 31. Qxd3 Qe5 32. h4 Kf8 33. Bf3 Ke7 34. Qb3
Nf8 35. Qg8 d3 36. Qxg7+ Kd8 37. Qxf8+ Kc7 38. Qf7+ Kd8 39. Qf8+ Kc7 40. Qxh6
Qb2+ 41. Kh3 Qf2 42. Qf4+ Kc8 43. Kg4 Qa2 44. Qd6 Qxa3 45. Qxc6+ Kb8 1-0

[Event "II Open B"]
[Site "Pedavena ITA"]
[Date "2006.08.05"]
[Round "7"]
[White "Bettini, Alessandro"]
[Black "Trento, Giacomo"]
[Result "0-1"]
[WhiteElo "1739"]
[BlackElo "1552"]
[PlyCount "86"]
[EventDate "2006.08.01"]

1. Nf3 Nf6 2. c4 Nc6 3. Nc3 e5 4. d3 d5 5. cxd5 Nxd5 6. g3 Be7 7. Bg2 Be6 8.
O-O Qd7 9. Re1 O-O-O 10. a3 h5 11. Ng5 Bxg5 12. Bxg5 f6 13. Bd2 g5 14. Nxd5
Bxd5 15. Bxd5 Qxd5 16. h3 Rhg8 17. Bc3 f5 18. e4 fxe4 19. dxe4 Qf7 20. Qe2 g4
21. hxg4 hxg4 22. Kg2 Nd4 23. Bxd4 exd4 24. Rad1 a5 25. Rd3 c5 26. Rc1 b6 27.
b3 Kb7 28. a4 Rd6 29. Rh1 Rf6 30. Rh4 Rf8 31. Rd2 Qxb3 32. Rh7+ R6f7 33. Rxf7+
Rxf7 34. Qxg4 Qxa4 35. Qe6 Qd7 36. Qc4 Rh7 37. e5 Qh3+ 38. Kf3 Qh5+ 39. Ke4
Qg4+ 40. f4 Qxg3 41. Qd5+ Ka7 42. Kf5 Rh5+ 43. Ke4 Qe3# 0-1

[Event "II Open B"]
[Site "Pedavena ITA"]
[Date "2006.08.05"]
[Round "7"]
[White "Bortolotto, Denzio"]
[Black "Scian, Nicola"]
[Result "1/2-1/2"]
[WhiteElo "1461"]
[BlackElo "1524"]
[PlyCount "63"]
[EventDate "2006.08.01"]

1. e4 e5 2. Nf3 Nc6 3. Bb5 a6 4. Ba4 Nf6 5. O-O Be7 6. Bxc6 dxc6 7. Nxe5 Qd4 8.
Nf3 Qxe4 9. Re1 Qg6 10. Qe2 Ng8 11. d3 Bg4 12. Bf4 O-O-O 13. Nbd2 Bc5 14. Qe5
Bd6 15. Qg5 Qxg5 16. Bxg5 f6 17. Bh4 Nh6 18. Nd4 Be5 19. Rxe5 fxe5 20. Bxd8
exd4 21. Bg5 Nf7 22. Bf4 Re8 23. Ne4 c5 24. f3 Bd7 25. Kf2 c4 26. Nc5 cxd3 27.
Nxd3 Bb5 28. Re1 Rxe1 29. Nxe1 Kd7 30. b3 c5 31. a4 Bc6 32. Nd3 1/2-1/2

[Event "II Open B"]
[Site "Pedavena ITA"]
[Date "2006.08.05"]
[Round "7"]
[White "Busi, Piero"]
[Black "Buzzatti, Matteo"]
[Result "0-1"]
[WhiteElo "1335"]
[BlackElo "1473"]
[PlyCount "74"]
[EventDate "2006.08.01"]

1. d4 e6 2. c4 Nf6 3. e3 d5 4. Nc3 c5 5. Nf3 Nc6 6. Be2 Bd6 7. O-O e5 8. cxd5
Nb4 9. dxe5 Bf5 10. Bb5+ Nd7 11. e4 O-O 12. exf5 Nxe5 13. Nxe5 Bxe5 14. Re1 Qd6
15. g3 a6 16. Ne4 Qd8 17. Bc4 Bd4 18. a3 Nxd5 19. Bxd5 Qxd5 20. Qf3 Rad8 21.
Be3 Rfe8 22. Nf6+ Bxf6 23. Qxd5 Rxd5 24. Rab1 Rxf5 25. Bd2 Re7 26. b4 h6 27.
Kg2 c4 28. Rxe7 Bxe7 29. Rc1 b5 30. Re1 Kf8 31. Bc3 Rd5 32. Re5 Rd3 33. Re3 Bf6
34. Rxd3 cxd3 35. Be1 Bb2 36. h4 Bc1 37. Bc3 d2 0-1

[Event "II Open B"]
[Site "Pedavena ITA"]
[Date "2006.08.05"]
[Round "7"]
[White "Cocuzzi, Edoardo"]
[Black "Vigliaroli, Matteo"]
[Result "1-0"]
[WhiteElo "1689"]
[BlackElo "1463"]
[PlyCount "63"]
[EventDate "2006.08.01"]

1. e4 c5 2. Bc4 Nc6 3. a3 Nf6 4. Nc3 g6 5. d3 Bg7 6. Be3 d6 7. Qd2 O-O 8. Bh6
a6 9. Bxg7 Kxg7 10. Nge2 b5 11. Ba2 Bb7 12. f3 Qb6 13. g4 Ne5 14. Ng1 Rfd8 15.
h4 h5 16. g5 Nfd7 17. Bd5 e6 18. Bxb7 Qxb7 19. f4 Nc6 20. Nce2 f5 21. exf5 exf5
22. O-O-O a5 23. Qc3+ Kh7 24. Qb3 Nb6 25. Nf3 b4 26. a4 Re8 27. Rhe1 Re3 28.
Neg1 Rae8 29. Rxe3 Rxe3 30. Kd2 c4 31. Qa2 c3+ 32. Kxe3 1-0

[Event "II Open B"]
[Site "Pedavena ITA"]
[Date "2006.08.05"]
[Round "7"]
[White "Dal Broi, Marco"]
[Black "Londero, Marco"]
[Result "1/2-1/2"]
[WhiteElo "1409"]
[BlackElo "1514"]
[PlyCount "51"]
[EventDate "2006.08.01"]

1. e4 e6 2. d4 d5 3. exd5 exd5 4. Nf3 c6 5. h3 Nf6 6. Bg5 Nbd7 7. Nbd2 Be7 8.
Bd3 O-O 9. O-O Re8 10. Re1 h6 11. Bh4 Nh7 12. Bxe7 Rxe7 13. Bxh7+ Kxh7 14. Rxe7
Qxe7 15. Qe1 Qf8 16. c3 Nf6 17. Qe5 Be6 18. Qc7 Qc8 19. Qxc8 Rxc8 20. Re1 Re8
21. g4 Bd7 22. Rxe8 Nxe8 23. Ne5 Be6 24. f4 f5 25. Kg2 Nd6 26. Kf3 1/2-1/2

[Event "II Open B"]
[Site "Pedavena ITA"]
[Date "2006.08.05"]
[Round "7"]
[White "Dal Pra Caputo, Stefano"]
[Black "Azzinaro, Luca"]
[Result "1-0"]
[WhiteElo "1461"]
[BlackElo "1404"]
[PlyCount "108"]
[EventDate "2006.08.01"]

1. d4 d5 2. Nf3 Nf6 3. Bf4 e6 4. e3 Be7 5. Bd3 O-O 6. Nbd2 Nbd7 7. h4 c5 8. c3
c4 9. Bc2 h6 10. g4 Nxg4 11. Rg1 Ndf6 12. Ne5 h5 13. Qf3 Nxe5 14. dxe5 Ng4 15.
Rxg4 hxg4 16. Qxg4 f5 17. exf6 Rxf6 18. Be5 Qe8 19. O-O-O Qf7 20. Bxf6 Bxf6 21.
Bg6 Qc7 22. Qh5 Rb8 23. Qh7+ Kf8 24. Qh8+ Ke7 25. Qg8 Kd6 26. Ne4+ Kc6 27. Nxf6
gxf6 28. Qf7 Qxf7 29. Bxf7 Bd7 30. Rg1 Rf8 31. Rg7 b6 32. h5 Be8 33. Bxe8+ Rxe8
34. h6 Rh8 35. h7 a5 36. Kd2 Kd6 37. f4 f5 38. Ke2 b5 39. Ra7 Kc5 40. Re7 Kd6
41. Ra7 a4 42. Kf3 e5 43. Ra6+ Kc5 44. Rh6 e4+ 45. Kg3 b4 46. Kh4 bxc3 47. bxc3
d4 48. exd4+ Kd5 49. Kg5 e3 50. Kf6 e2 51. Rh1 Rg8 52. Re1 Re8 53. Rxe2 Rxe2
54. h8=Q Rxa2 1-0

[Event "II Open B"]
[Site "Pedavena ITA"]
[Date "2006.08.05"]
[Round "7"]
[White "De Bortoli, Thomas"]
[Black "Ferlini, Claudio"]
[Result "1-0"]
[WhiteElo "1458"]
[BlackElo "1389"]
[PlyCount "119"]
[EventDate "2006.08.01"]

1. e4 e6 2. d4 d5 3. f3 dxe4 4. fxe4 Nc6 5. Nf3 Nf6 6. Nc3 Bb4 7. Bg5 O-O 8. e5
Nxe5 9. dxe5 Bxc3+ 10. bxc3 Qxd1+ 11. Rxd1 Ne4 12. Bd2 b6 13. Bd3 Nc5 14. O-O
h6 15. Be3 Na4 16. Bd4 Rb8 17. Be4 c5 18. Bf2 Nxc3 19. Bd3 Nxd1 20. Rxd1 Bb7
21. Re1 Rfd8 22. Re3 Rd7 23. h3 Rbd8 24. Be2 Bc6 25. Bd3 Bd5 26. Bb5 Rc7 27.
Rd3 c4 28. Rd2 Rdc8 29. c3 g5 30. Bd4 Kh7 31. Ba4 Be4 32. Bc2 Bxc2 33. Rxc2 b5
34. Nd2 a6 35. Ne4 Rg8 36. Nf6+ Kh8 37. Nxg8 Kxg8 38. Re2 Rd7 39. Re3 Rd5 40.
a3 Rd8 41. Rg3 Kh7 42. Kf2 Rg8 43. Ke2 h5 44. Kf3 Rg6 45. Ke4 g4 46. hxg4 Kh6
47. g5+ Kg7 48. Be3 Kh7 49. Rh3 Kg7 50. Rxh5 Kf8 51. Rh8+ Rg8 52. Rxg8+ Kxg8
53. Kd4 Kh7 54. Kc5 Kg6 55. g4 Kg7 56. Kb6 Kf8 57. Kxa6 Ke7 58. Kxb5 Kd7 59.
Kxc4 Kc6 60. a4 1-0

[Event "II Open B"]
[Site "Pedavena ITA"]
[Date "2006.08.05"]
[Round "7"]
[White "De Vettor, Maite"]
[Black "Bisaro, Andrea"]
[Result "1-0"]
[WhiteElo "1500"]
[BlackElo "1608"]
[PlyCount "98"]
[EventDate "2006.08.01"]

1. e4 g6 2. d4 Bg7 3. f4 c5 4. d5 d6 5. Nf3 Nf6 6. Nc3 O-O 7. Bd3 a6 8. a4 e6
9. dxe6 Bxe6 10. O-O Bg4 11. h3 Bxf3 12. Qxf3 Nc6 13. Bc4 Na5 14. Ba2 c4 15.
Be3 Qe7 16. Bb6 Nc6 17. Bxc4 Nd7 18. Bf2 Bd4 19. Nd5 Bxf2+ 20. Rxf2 Qd8 21. Qc3
Na5 22. Ba2 Rc8 23. Qd4 Nc6 24. Qe3 Ne7 25. Nxe7+ Qxe7 26. b4 b5 27. a5 Qf6 28.
Rd1 Rcd8 29. c4 bxc4 30. Bxc4 Nb8 31. Rfd2 Rfe8 32. g3 Re7 33. e5 Qg7 34. Rxd6
Rxd6 35. Rxd6 Qf8 36. Qb6 Re8 37. e6 fxe6 38. Bxe6+ Kg7 39. Qd4+ Qf6 40. Qxf6+
Kxf6 41. Bc4+ Ke7 42. Re6+ Kd8 43. Rxe8+ Kxe8 44. Kf2 Kd7 45. Ke3 Kd6 46. Ke4
Ke7 47. g4 h6 48. h4 h5 49. gxh5 gxh5 1-0

[Event "II Open B"]
[Site "Pedavena ITA"]
[Date "2006.08.05"]
[Round "7"]
[White "Delle Fave, Fabio"]
[Black "Bona, Massimiliano"]
[Result "1-0"]
[WhiteElo "1747"]
[BlackElo "1284"]
[PlyCount "59"]
[EventDate "2006.08.01"]

1. d4 g6 2. e4 Bg7 3. Be3 c6 4. c4 d5 5. cxd5 cxd5 6. e5 f6 7. f4 Nc6 8. Nf3
Bf5 9. Bd3 Be4 10. Nc3 f5 11. Ng5 Bh6 12. Bxe4 dxe4 13. d5 Bxg5 14. dxc6 Qxd1+
15. Rxd1 Bh6 16. Nd5 Rc8 17. cxb7 Rb8 18. Nc7+ Kf8 19. Rd8+ Rxd8 20. Ne6+ Ke8
21. Nxd8 Kxd8 22. b8=Q+ Kd7 23. Qxa7+ Ke6 24. Kf2 Bg7 25. Rd1 h6 26. Qa6+ Kf7
27. Qc4+ Ke8 28. Qc8+ Kf7 29. e6+ Kf6 30. Bd4# 1-0

[Event "II Open B"]
[Site "Pedavena ITA"]
[Date "2006.08.05"]
[Round "7"]
[White "Endrizzi, Matteo"]
[Black "Dalle Case, Rossano"]
[Result "0-1"]
[WhiteElo "1446"]
[BlackElo "1434"]
[PlyCount "38"]
[EventDate "2006.08.01"]

1. e4 Nf6 2. Nc3 e5 3. Nf3 Nc6 4. a3 d5 5. Qe2 d4 6. Nb1 Bc5 7. d3 h6 8. Nbd2
Bg4 9. h3 Bh5 10. g4 Bg6 11. Nc4 Qe7 12. Bd2 O-O-O 13. O-O-O Nd7 14. c3 f6 15.
Nh4 Bh7 16. Qf3 b5 17. cxd4 Nxd4 18. Qg3 bxc4 19. dxc4 Bxe4 0-1

[Event "II Open B"]
[Site "Pedavena ITA"]
[Date "2006.08.05"]
[Round "7"]
[White "Merciari, Moreno"]
[Black "De Vettor, Marc"]
[Result "1/2-1/2"]
[WhiteElo "1766"]
[BlackElo "1700"]
[PlyCount "27"]
[EventDate "2006.08.01"]

1. e4 e6 2. d4 d5 3. exd5 exd5 4. Bd3 Nf6 5. Nf3 c6 6. O-O Be7 7. Bg5 Bg4 8.
Nbd2 Nbd7 9. Re1 O-O 10. h3 Bh5 11. Nf1 h6 12. Bf4 Re8 13. Ng3 Nf8 14. Nf5
1/2-1/2

[Event "II Open B"]
[Site "Pedavena ITA"]
[Date "2006.08.05"]
[Round "7"]
[White "Puricelli, Roberto"]
[Black "Giorgiutti, Jacopo"]
[Result "0-1"]
[WhiteElo "1389"]
[BlackElo "1413"]
[PlyCount "30"]
[EventDate "2006.08.01"]

1. d4 d5 2. c4 e5 3. dxe5 d4 4. Nf3 Nc6 5. a3 Bg4 6. Bf4 Nge7 7. h3 Bxf3 8.
exf3 Ng6 9. Bg3 Ngxe5 10. Nd2 Qe7 11. Ne4 O-O-O 12. b4 d3 13. b5 d2+ 14. Ke2
Nd4+ 15. Ke3 Nf5+ 0-1

[Event "II Open B"]
[Site "Pedavena ITA"]
[Date "2006.08.05"]
[Round "7"]
[White "Reginato, Sabrina"]
[Black "Magis, Pierre"]
[Result "1-0"]
[WhiteElo "1517"]
[BlackElo "1600"]
[PlyCount "61"]
[EventDate "2006.08.01"]

1. e4 c5 2. Nf3 Nc6 3. d4 cxd4 4. Nxd4 d6 5. Nc3 Nf6 6. Be2 g6 7. O-O Bg7 8.
Nb3 O-O 9. Bg5 a6 10. a4 Be6 11. Kh1 Rc8 12. f4 Bxb3 13. cxb3 Qa5 14. Bf3 Rfe8
15. Qd3 h6 16. Bh4 Nd7 17. Bg4 Rcd8 18. f5 Nde5 19. Qd1 Nxg4 20. Qxg4 h5 21.
Qg3 Kh7 22. fxg6+ fxg6 23. Nd5 Rd7 24. Nf4 Ne5 25. Rad1 Rf8 26. Nd5 Rxf1+ 27.
Rxf1 e6 28. Nf6+ Bxf6 29. Rxf6 Re7 30. h3 Qd2 31. Bg5 1-0

[Event "II Open B"]
[Site "Pedavena ITA"]
[Date "2006.08.05"]
[Round "7"]
[White "Tavecchia, Mario"]
[Black "Sanavio, Giancarlo"]
[Result "1/2-1/2"]
[WhiteElo "1724"]
[BlackElo "1799"]
[PlyCount "96"]
[EventDate "2006.08.01"]

1. d4 d5 2. Nc3 c5 3. Nf3 e6 4. e4 Nf6 5. Bg5 dxe4 6. Nxe4 cxd4 7. Bxf6 gxf6 8.
Qxd4 Qa5+ 9. c3 Bg7 10. Nxf6+ Ke7 11. Nd5+ Kf8 12. Qb4+ Qxb4 13. Nxb4 Ke7 14.
Be2 Nd7 15. O-O a5 16. Nc2 Nc5 17. Rad1 Na4 18. Rb1 Bd7 19. Nfd4 e5 20. Nb3 Bf5
21. Nba1 Rhd8 22. Bb5 Nc5 23. Rbd1 Bd3 24. Bxd3 Nxd3 25. Ne3 Ke6 26. Rd2 e4 27.
Nb3 a4 28. Nd4+ Bxd4 29. cxd4 Rxd4 30. f3 f5 31. fxe4 fxe4 32. a3 Ra5 33. Nc2
Rc4 34. Ne1 Rd5 35. Nxd3 Rxd3 36. Rxd3 exd3 37. Rd1 Rc2 38. Rxd3 Rxb2 39. h3
Rb3 40. Rd4 Rxa3 41. Rb4 Ra1+ 42. Kh2 Kd5 43. Rxb7 Ra3 44. Rxh7 Kc4 45. h4 Ra1
46. Rc7+ Kb3 47. Rb7+ Kc2 48. Rc7+ Kb3 1/2-1/2

[Event "II Open B primavera"]
[Site "Como ITA"]
[Date "2006.04.21"]
[Round "1"]
[White "Zingale, Giuseppe"]
[Black "Panzetta, Vieri"]
[Result "0-1"]
[WhiteElo "1398"]
[BlackElo "1459"]
[PlyCount "72"]
[EventDate "2006.04.21"]

1. d4 d5 2. e3 c6 3. c4 e6 4. Nf3 Nf6 5. Nc3 Be7 6. Bd3 O-O 7. c5 Nbd7 8. O-O
Qc7 9. Re1 e5 10. Nxe5 Nxe5 11. dxe5 Qxe5 12. Na4 Bf5 13. f4 Qe6 14. b4 Bxd3
15. Qxd3 Rfd8 16. Bb2 Qe4 17. Qd2 Qc4 18. Rec1 Qb5 19. Bxf6 Bxf6 20. Nb2 d4 21.
a4 Qa6 22. Ra3 dxe3 23. Qxe3 Bd4 24. Qxd4 Rxd4 25. Rca1 Qe2 26. R3a2 Qe3+ 27.
Kh1 Qxf4 28. Rg1 Rd2 29. h3 Qxb4 30. Nd3 Rxd3 31. Rc1 Rad8 32. Raa1 Rc3 33.
Rab1 Rxc1+ 34. Rxc1 Qxa4 35. Re1 Rd1 36. Rxd1 Qxd1+ 0-1

[Event "II Open B primavera"]
[Site "Como ITA"]
[Date "2006.04.28"]
[Round "2"]
[White "Calabrese, Mattia"]
[Black "Zingale, Giuseppe"]
[Result "1/2-1/2"]
[WhiteElo "1383"]
[BlackElo "1398"]
[PlyCount "78"]
[EventDate "2006.04.21"]

1. c4 e6 2. g3 Bc5 3. Bg2 Qf6 4. Nf3 h6 5. O-O Ne7 6. d4 Bb6 7. c5 Ba5 8. Qa4
b6 9. b4 Nbc6 10. bxa5 bxc5 11. Bb2 Rb8 12. Bc3 Nd5 13. Rd1 O-O 14. dxc5 Nxc3
15. Nxc3 Qxc3 16. Rdc1 Qxa5 17. Qf4 Nb4 18. a3 Nd5 19. Qd4 c6 20. Ne5 Rb3 21.
Nc4 Qa6 22. e4 Nc7 23. Nd2 Nb5 24. Qe5 Rxa3 25. Nc4 Rxa1 26. Rxa1 Qb7 27. Nd6
Nxd6 28. Qxd6 a6 29. Bf1 Qa7 30. e5 a5 31. Bd3 Re8 32. Qd4 Rd8 33. Qe4 g6 34.
Qf4 Kg7 35. Qf6+ Kh7 36. Qxd8 Ba6 37. Rxa5 Qb7 38. Bxa6 Qb1+ 39. Kg2 Qe4+
1/2-1/2

[Event "II Open B primavera"]
[Site "Como ITA"]
[Date "2006.04.28"]
[Round "2"]
[White "Panzetta, Vieri"]
[Black "Taborelli, Achille"]
[Result "0-1"]
[WhiteElo "1459"]
[BlackElo "1802"]
[PlyCount "88"]
[EventDate "2006.04.21"]

1. e4 e6 2. d4 d5 3. exd5 exd5 4. Bd3 Nf6 5. Ne2 Bd6 6. O-O O-O 7. c3 Re8 8.
Nd2 Bg4 9. h3 Bh5 10. Re1 Nbd7 11. Qb3 Rb8 12. Nf1 Bxe2 13. Rxe2 Rxe2 14. Bxe2
Qe7 15. Bf3 Qe1 16. Qd1 Re8 17. Bd2 Qe7 18. Bg5 h6 19. Bxf6 Nxf6 20. Ne3 Qe6
21. Ng4 c6 22. Nxf6+ Qxf6 23. g3 g6 24. Bg2 Kg7 25. Qd2 Qe7 26. Kf1 Qf6 27. Re1
Rxe1+ 28. Qxe1 Bxg3 29. Qe3 Bd6 30. Qf3 Qg5 31. Qd1 Qf4 32. Qe1 b6 33. Qe3 Qf5
34. Qe1 c5 35. dxc5 Bxc5 36. Qd2 a5 37. Bxd5 Qxh3+ 38. Bg2 Qf5 39. f3 Qb1+ 40.
Ke2 Qxa2 41. f4 Qc4+ 42. Kf3 Qe6 43. Bf1 h5 44. Qe2 Qg4+ 0-1

[Event "II Open B primavera"]
[Site "Como ITA"]
[Date "2006.05.06"]
[Round "3"]
[White "Prini, Walter"]
[Black "Calabrese, Mattia"]
[Result "1/2-1/2"]
[WhiteElo "1580"]
[BlackElo "1383"]
[PlyCount "72"]
[EventDate "2006.04.21"]

1. e4 c5 2. Nf3 Nc6 3. c3 g6 4. d4 cxd4 5. cxd4 Bg7 6. Be3 a6 7. Nc3 d6 8. a3
Bg4 9. Be2 Nf6 10. Qd2 O-O 11. h3 Bxf3 12. Bxf3 Nd7 13. O-O b5 14. e5 Rc8 15.
Bxc6 Rxc6 16. d5 Rc8 17. e6 Ne5 18. Rac1 Nc4 19. Qe2 Nxe3 20. Qxe3 Rc4 21. Ne2
Bxb2 22. Rxc4 bxc4 23. Rb1 c3 24. Nxc3 Bxa3 25. Ne2 Bc5 26. Nd4 Qa5 27. Rd1 Qa4
28. Rd3 fxe6 29. dxe6 Qa1+ 30. Kh2 Qb2 31. f4 d5 32. Qd2 Qb8 33. g3 Bb4 34. Qe3
Bc5 35. Rd2 Rc8 36. h4 Qb1 1/2-1/2

[Event "II Open B primavera"]
[Site "Como ITA"]
[Date "2006.05.05"]
[Round "3"]
[White "Taborelli, Achille"]
[Black "Tabbone, Antonio"]
[Result "1-0"]
[WhiteElo "1802"]
[BlackElo "1580"]
[PlyCount "59"]
[EventDate "2006.04.21"]

1. d4 d6 2. c4 Nf6 3. Nc3 Nbd7 4. e4 e5 5. Bg5 Be7 6. Nf3 O-O 7. Be2 c6 8. O-O
h6 9. Bxf6 Bxf6 10. d5 a5 11. a4 Nc5 12. h3 Qb6 13. dxc6 Nb3 14. Nd5 Qa7 15.
Qxb3 bxc6 16. Nxf6+ gxf6 17. Qa3 Kh7 18. Qxd6 Kg7 19. Nh2 Bd7 20. Bg4 Rfd8 21.
Qa3 Be8 22. Qg3 Kh8 23. Bf5 Bd7 24. Bxd7 Rxd7 25. Qh4 Kg7 26. Ng4 h5 27. Qxf6+
Kf8 28. Nxe5 Rc7 29. Rad1 Qb8 30. Rd7 1-0

[Event "II Open B primavera"]
[Site "Como ITA"]
[Date "2006.05.12"]
[Round "4"]
[White "Calabrese, Mattia"]
[Black "Campanini, Ambrogio"]
[Result "1/2-1/2"]
[WhiteElo "1383"]
[BlackElo "1544"]
[PlyCount "125"]
[EventDate "2006.04.21"]

1. c4 e5 2. Nc3 Nf6 3. g3 d6 4. Bg2 c6 5. d4 exd4 6. Qxd4 Be6 7. Nh3 Nbd7 8. b3
Qb6 9. Qd1 Qc7 10. O-O Be7 11. Bf4 Nh5 12. e4 Nxf4 13. Nxf4 Bf6 14. Rc1 O-O 15.
Nxe6 fxe6 16. Qg4 Rae8 17. Ne2 Ne5 18. Qh5 g6 19. Qh6 Bg7 20. Qe3 c5 21. f4 Nc6
22. Qf3 Nd4 23. Nxd4 Bxd4+ 24. Kh1 a5 25. f5 Rf6 26. Qg4 exf5 27. exf5 Ref8 28.
fxg6 Rxf1+ 29. Rxf1 Rxf1+ 30. Bxf1 h6 31. Qe6+ Kf8 32. Qf5+ Kg7 33. Bg2 Qe7 34.
Qf7+ Qxf7 35. gxf7 Kxf7 36. Bxb7 Kf6 37. Kg2 Kg5 38. Kf3 Be5 39. h4+ Kh5 40.
Bc8 Kg6 41. Kg4 h5+ 42. Kf3 Bf6 43. Kg2 Be5 44. Kh3 Bf6 45. g4 hxg4+ 46. Kxg4
Kh6 47. h5 Bg5 48. Bd7 Bf6 49. Be8 Bg5 50. Kf5 Be7 51. Bg6 Bg5 52. Ke6 Bf4 53.
Kd5 Bg3 54. Kc6 Bf4 55. Kb5 Bd2 56. a3 Be1 57. Kc6 Bg3 58. Kd5 Be5 59. Ke4 Bc3
60. Kf3 Bd2 61. Kg2 Bf4 62. Kf3 Bh2 63. Ke4 1/2-1/2

[Event "II Open B primavera"]
[Site "Como ITA"]
[Date "2006.05.12"]
[Round "4"]
[White "Prini, Walter"]
[Black "Taborelli, Achille"]
[Result "0-1"]
[WhiteElo "1580"]
[BlackElo "1802"]
[PlyCount "100"]
[EventDate "2006.04.21"]

1. Nf3 Nf6 2. g3 d6 3. Bg2 e5 4. d3 Be7 5. O-O O-O 6. Nbd2 c6 7. Re1 Nbd7 8. e4
h6 9. b3 Nh7 10. Bb2 Ng5 11. Nxg5 Bxg5 12. Nf3 Be7 13. Rb1 c5 14. Bc3 a5 15.
Qd2 b5 16. a4 b4 17. Bb2 Re8 18. h3 Nf8 19. Bc1 Ne6 20. Qe2 Nd4 21. Nxd4 cxd4
22. Rf1 Bb7 23. Qg4 Bc8 24. Qe2 Ra7 25. f4 Rc7 26. f5 Bg5 27. Rf2 Bxc1 28. Rxc1
Qg5 29. Rcf1 Qxg3 30. Qf3 Qxf3 31. Bxf3 Bd7 32. Bd1 Rec8 33. Kg2 f6 34. Rg1 Bc6
35. Kg3 d5 36. Re1 dxe4 37. dxe4 Bb7 38. Rd2 Rc3+ 39. Rd3 Rxd3+ 40. cxd3 Rc3
41. Kg4 Rxd3 42. h4 Bc6 43. Bc2 Rc3 44. Bd1 Be8 45. h5 Bf7 46. Re2 Bxb3 47.
Bxb3+ Rxb3 48. Rc2 Rc3 49. Rd2 b3 50. Kh4 Rc2 0-1

[Event "II Open B primavera"]
[Site "Como ITA"]
[Date "2006.05.12"]
[Round "4"]
[White "Tabbone, Antonio"]
[Black "Panzetta, Vieri"]
[Result "1/2-1/2"]
[WhiteElo "1580"]
[BlackElo "1459"]
[PlyCount "61"]
[EventDate "2006.04.21"]

1. Nf3 Nf6 2. g3 d5 3. Bg2 c6 4. O-O e6 5. d3 Be7 6. Nbd2 O-O 7. Re1 Nbd7 8. e4
dxe4 9. dxe4 Re8 10. e5 Nd5 11. Ne4 Qc7 12. Bg5 Bxg5 13. Nexg5 h6 14. Nh3 b6
15. c4 Ne7 16. b3 Ng6 17. Qe2 Bb7 18. Rad1 Rad8 19. Kf1 c5 20. Qe3 Bxf3 21.
Bxf3 Ndxe5 22. Rxd8 Rxd8 23. Nf4 Qb8 24. Nxg6 Nxg6 25. h4 Rd4 26. Be4 Nf8 27.
f4 Qd8 28. Qc1 Nd7 29. f5 exf5 30. Bxf5 Nf6 31. Bc2 1/2-1/2

[Event "II Open B primavera"]
[Site "Como ITA"]
[Date "2006.05.19"]
[Round "5"]
[White "Campanini, Ambrogio"]
[Black "Prini, Walter"]
[Result "1-0"]
[WhiteElo "1544"]
[BlackElo "1580"]
[PlyCount "77"]
[EventDate "2006.04.21"]

1. d4 Nf6 2. c4 e6 3. Nc3 Be7 4. Nf3 d5 5. e3 Nc6 6. a3 a6 7. Bd3 Bd7 8. b4 O-O
9. O-O Re8 10. Bb2 Bd6 11. c5 Be7 12. Ne5 Nxe5 13. dxe5 Ne4 14. Nxe4 dxe4 15.
Bxe4 Bc6 16. Bxc6 bxc6 17. Qf3 Qd5 18. Qe2 Qe4 19. f3 Qg6 20. Rad1 Red8 21.
Rxd8+ Bxd8 22. Rd1 Qg5 23. f4 Qe7 24. Qf3 h6 25. Qxc6 Rc8 26. Qxa6 Rb8 27. Qa7
Rc8 28. Qb7 c6 29. Qxc8 Kh7 30. Qxd8 Qb7 31. Rd7 Qb5 32. Rd2 Qb7 33. Qd7 Qb5
34. Qxf7 Qc4 35. Qh5 Qe4 36. Qd1 Qxe3+ 37. Rf2 Qe4 38. Qc2 Qxc2 39. Rxc2 1-0

[Event "II Open B primavera"]
[Site "Como ITA"]
[Date "2006.05.19"]
[Round "5"]
[White "Tabbone, Antonio"]
[Black "Calabrese, Mattia"]
[Result "0-1"]
[WhiteElo "1580"]
[BlackElo "1383"]
[PlyCount "92"]
[EventDate "2006.04.21"]

1. Nf3 c5 2. g3 Nf6 3. Bg2 d5 4. O-O Nc6 5. d4 cxd4 6. Nxd4 e5 7. Nxc6 bxc6 8.
Bg5 Be7 9. Bxf6 Bxf6 10. e4 Be6 11. Nc3 d4 12. Na4 Be7 13. b3 O-O 14. Nb2 Qd7
15. Nd3 Bd6 16. f4 f6 17. f5 Bf7 18. Kf2 c5 19. Rh1 Rab8 20. Rb1 c4 21. Nb2
cxb3 22. cxb3 a5 23. h4 a4 24. Nxa4 Ra8 25. Nb6 Rxa2+ 26. Kg1 Qa7 27. Nc4 d3+
28. Kh2 Qf2 29. Rg1 Bc7 30. Qxd3 Rd8 31. Qc3 Rc2 32. Qe1 Qc5 33. Ne3 Rc3 34.
Ng4 Bxb3 35. h5 h6 36. Qe2 Bc4 37. Nxh6+ gxh6 38. Qg4+ Kf8 39. Qg6 Ke7 40. Qxh6
Rxg3 41. Rbc1 Rdg8 42. Qh7+ R3g7 43. Qh6 Qf2 44. Qxg7+ Rxg7 45. h6 Qf4+ 46. Kh1
Qh4+ 0-1

[Event "II Open B primavera"]
[Site "Como ITA"]
[Date "2006.05.26"]
[Round "6"]
[White "Panzetta, Vieri"]
[Black "Calabrese, Mattia"]
[Result "0-1"]
[WhiteElo "1459"]
[BlackElo "1383"]
[PlyCount "76"]
[EventDate "2006.04.21"]

1. e4 c5 2. c3 d5 3. exd5 Qxd5 4. d4 cxd4 5. cxd4 Nf6 6. Nc3 Qd8 7. Bb5+ Bd7 8.
Bxd7+ Qxd7 9. Nf3 e6 10. O-O Bb4 11. a3 Ba5 12. b4 Bb6 13. Be3 O-O 14. Ne5 Qe7
15. Na4 Rd8 16. Nxb6 axb6 17. b5 Nd5 18. Nc4 Nd7 19. Qg4 N7f6 20. Qg3 Ra4 21.
Nb2 Ra5 22. a4 Nc3 23. Qf3 Qb4 24. Nd3 Qb3 25. Nc5 bxc5 26. dxc5 Nxa4 27. Qxb7
Rxb5 28. Qc7 Rbb8 29. Rfd1 Nd5 30. Qd6 h6 31. Rac1 Nxe3 32. fxe3 Qxe3+ 33. Kh1
Nxc5 34. Re1 Qg5 35. Rf1 Rb2 36. g3 Qh5 37. h3 Ne4 38. Qe7 Nxg3+ 0-1

[Event "II Open B primavera"]
[Site "Como ITA"]
[Date "2006.05.26"]
[Round "6"]
[White "Prini, Roberto"]
[Black "Prini, Walter"]
[Result "1/2-1/2"]
[WhiteElo "1580"]
[BlackElo "1580"]
[PlyCount "121"]
[EventDate "2006.04.21"]

1. d4 Nf6 2. c4 g6 3. e3 Bg7 4. Nc3 O-O 5. Bd3 d6 6. b4 a5 7. b5 b6 8. a4 Bb7
9. Nf3 Nbd7 10. O-O Re8 11. Re1 e5 12. dxe5 dxe5 13. e4 Nc5 14. Nd5 c6 15. bxc6
Bxc6 16. Ba3 Bxa4 17. Bc2 Bxc2 18. Qxc2 Nxd5 19. cxd5 Rc8 20. Rad1 Nd7 21. Qb3
h6 22. Nd2 Nc5 23. Bxc5 bxc5 24. Rc1 Bf8 25. Nc4 Rb8 26. Qc3 f6 27. Nxa5 Qc7
28. Nc6 Rb6 29. Ra1 f5 30. Qc4 Kh7 31. Ra7 Rb7 32. Rxb7 Qxb7 33. exf5 e4 34.
fxg6+ Kxg6 35. f3 e3 36. Qd3+ Kg7 37. Rxe3 Rxe3 38. Qxe3 Qb1+ 39. Kf2 Qa2+ 40.
Kg3 Qxd5 41. Qe5+ Qxe5+ 42. Nxe5 Bd6 43. f4 Kf6 44. Nc4 Bc7 45. Kg4 Kg6 46. f5+
Kf6 47. Ne3 Bxh2 48. Kh5 Kg7 49. Ng4 c4 50. Nxh2 c3 51. Ng4 c2 52. f6+ Kf7 53.
Ne5+ Kxf6 54. Nd3 Kf5 55. Kxh6 Kg4 56. Nc1 Kg3 57. Kg5 Kxg2 58. Kf4 Kf2 59. Ke4
Ke1 60. Nd3+ Kd2 61. Kd4 1/2-1/2